|
|
|
|
| LEADER |
00863nam a2200193 a 4500 |
| 008 |
100601s2009 bg 000 0 eng d |
| 020 |
|
|
|a 9847029800003
|
| 040 |
|
|
|a BD-DhAAL
|c BD-DhAAL
|d BD-DhAAL
|
| 082 |
0 |
0 |
|a 070.4/495
|2 22
|
| 100 |
1 |
0 |
|a হালিম, হিটলার এ.
|
| 245 |
1 |
0 |
|a এক টুকরো বিঞ্জান /
|c হিটলার এ. হালিম
|
| 260 |
|
|
|a ঢাকা :
|b ওয়ার্ল্ড নিউজ এজেন্সি,
|c ২০০৯
|
| 300 |
|
|
|a ৯৩ পৃ. ;
|c ২৩ সে.মি.
|
| 541 |
1 |
|
|e 00020068
|
| 650 |
|
0 |
|a Science news.
|
| 650 |
|
0 |
|a Journalism, Scientific.
|
| 852 |
4 |
|
|a Ayesha Abed Library
|j General shelf
|
| 999 |
|
|
|c 8790
|d 8790
|
| 952 |
|
|
|0 0
|1 0
|2 ddc
|4 0
|6 070_400000000000000_495_HAL_2009
|7 0
|9 10650
|a BRACUL
|b BRACUL
|c GEN
|d 2010-06-03
|l 1
|o 070.4495 HAL
|p 3010020068
|r 2017-01-29
|s 2017-01-22
|t 1
|w 2010-06-03
|y BK
|